[Event "Abe Yanofsky mem"]
[Site "Winnipeg CAN"]
[Date "2006.09.02"]
[Round "2"]
[White "Booth, Kevin"]
[Black "Trueman, Francis"]
[Result "1/2-1/2"]
[WhiteElo "1606"]
[BlackElo "1447"]
[PlyCount "49"]
[EventDate "2006.09.03"]
[EventType "swiss"]
[EventRounds "6"]
[EventCountry "CAN"]

1. d4 Nf6 2. c4 d6 3. Nc3 g6 4. Nf3 Bg7 5. Bg5 O-O 6. e3 Nbd7 7. Bd3 c6 8. O-O
Re8 9. Qc2 Qc7 10. Rac1 e5 11. Rfd1 Nf8 12. h3 Ne6 13. Bh4 exd4 14. Nxd4 Nxd4
15. exd4 Nh5 16. d5 Nf4 17. dxc6 bxc6 18. Bg3 Be5 19. Ne4 Qe7 20. Nc3 Nxd3 21.
Qxd3 Bf5 22. Qf3 Rac8 23. Qe3 Rcd8 24. Qf3 Rc8 25. Qe3 1/2-1/2

[Event "Abe Yanofsky mem"]
[Site "Winnipeg CAN"]
[Date "2006.09.02"]
[Round "2"]
[White "Clark, Jeff"]
[Black "Clark, Robert"]
[Result "1/2-1/2"]
[WhiteElo "1790"]
[BlackElo "1602"]
[PlyCount "43"]
[EventDate "2006.09.03"]
[EventType "swiss"]
[EventRounds "6"]
[EventCountry "CAN"]

1. Nf3 d5 2. d4 Nf6 3. c4 e6 4. Bg5 Be7 5. e3 O-O 6. Bd3 Nbd7 7. O-O b6 8. Nc3
dxc4 9. Bxc4 Bb7 10. Rc1 c5 11. Qe2 Ne4 12. Nxe4 Bxe4 13. Bf4 Nf6 14. dxc5 Bxc5
15. Rfd1 Qe7 16. a3 a5 17. Ne5 Rfd8 18. Bb5 Rxd1+ 19. Rxd1 Rd8 20. Nc6 Bxc6 21.
Bxc6 Bd6 22. Bxd6 1/2-1/2

[Event "Abe Yanofsky mem"]
[Site "Winnipeg CAN"]
[Date "2006.09.02"]
[Round "2"]
[White "Gannon, Keith"]
[Black "Cleto, Sam"]
[Result "0-1"]
[WhiteElo "1526"]
[BlackElo "1802"]
[PlyCount "108"]
[EventDate "2006.09.03"]
[EventType "swiss"]
[EventRounds "6"]
[EventCountry "CAN"]

1. Nf3 g6 2. d4 Bg7 3. c4 Nf6 4. Nc3 O-O 5. g3 c6 6. Bg2 d5 7. cxd5 cxd5 8. O-O
Nc6 9. Ne5 Bf5 10. Nxc6 bxc6 11. Re1 Rb8 12. a3 a5 13. e4 dxe4 14. Nxe4 Nxe4
15. Bxe4 Bxd4 16. Bxf5 gxf5 17. Qh5 e6 18. Qe2 c5 19. Rb1 Qf6 20. b3 Rfd8 21.
Bd2 Rd5 22. Bxa5 c4 23. Bc7 Rb7 24. bxc4 Rxb1 25. cxd5 Rb2 26. Qf3 Rxf2 27. Qh5
Rc2+ 28. Kh1 Rxc7 29. dxe6 fxe6 30. Qf3 e5 31. Qd5+ Kg7 32. Rb1 Qc6 33. Qxc6
Rxc6 34. a4 Rc2 35. a5 Ra2 36. Rf1 Kg6 37. Rc1 Rxa5 38. Rc6+ Kg5 39. Rc2 Rc5
40. Re2 h5 41. Kg2 h4 42. Kh3 hxg3 43. hxg3 Rc3 44. Kh2 Kg4 45. Rg2 Rb3 46. Kh1
Rb7 47. Rc2 Kxg3 48. Rg2+ Kf3 49. Rg3+ Ke4 50. Kg2 f4 51. Rg8 f3+ 52. Kg3 f2
53. Kg2 Rb1 54. Rg4+ Kf5 0-1

[Event "Abe Yanofsky mem"]
[Site "Winnipeg CAN"]
[Date "2006.09.02"]
[Round "2"]
[White "Green, Aaron"]
[Black "Geley, Shawn"]
[Result "1/2-1/2"]
[WhiteElo "1350"]
[BlackElo "1517"]
[PlyCount "53"]
[EventDate "2006.09.03"]
[EventType "swiss"]
[EventRounds "6"]
[EventCountry "CAN"]

1. e4 e5 2. Nf3 Nc6 3. Bb5 a6 4. Bxc6 dxc6 5. O-O Bg4 6. d3 Bc5 7. Be3 Qd6 8.
Nbd2 Nf6 9. h3 Bh5 10. Qc1 O-O-O 11. Nc4 Qe7 12. Ncxe5 Bd6 13. Bf4 g5 14. Bg3
g4 15. hxg4 Nxg4 16. Nxg4 Bxg4 17. Bxd6 Rxd6 18. Qg5 Qe6 19. Qe5 Rg8 20. Qxe6+
Rxe6 21. Nh2 Bh3 22. g3 Bxf1 23. Kxf1 Rh6 24. Kg2 Rg5 25. Nf3 Rc5 26. c3 Rb5
27. b3 1/2-1/2

[Event "Abe Yanofsky mem"]
[Site "Winnipeg CAN"]
[Date "2006.09.02"]
[Round "2"]
[White "Hanrahan, Nigel"]
[Black "Pierre, Rolland"]
[Result "1-0"]
[WhiteElo "1612"]
[BlackElo "1566"]
[PlyCount "57"]
[EventDate "2006.09.03"]
[EventType "swiss"]
[EventRounds "6"]
[EventCountry "CAN"]

1. c4 Nf6 2. g3 e6 3. Bg2 c6 4. e4 d5 5. cxd5 Qc7 6. dxe6 Bxe6 7. Nc3 Bb4 8.
Nge2 O-O 9. O-O Rd8 10. d4 Bc4 11. Bf4 Qb6 12. a3 Be7 13. b4 Nbd7 14. Qc2 a5
15. Na4 Qa6 16. Bf3 axb4 17. axb4 Bxb4 18. Bc7 Qb5 19. Bxd8 Rxd8 20. Nec3 Qg5
21. Rfd1 b5 22. Nb2 Be6 23. h4 Qg6 24. Nd3 Bxc3 25. Qxc3 Bc4 26. Ne5 Nxe4 27.
Bxe4 Qxe4 28. Nxd7 Rxd7 29. Ra8+ 1-0

[Event "Abe Yanofsky mem"]
[Site "Winnipeg CAN"]
[Date "2006.09.02"]
[Round "2"]
[White "Kaptsan, Aron"]
[Black "Perron, Sean"]
[Result "0-1"]
[WhiteElo "1947"]
[BlackElo "2166"]
[PlyCount "116"]
[EventDate "2006.09.03"]
[EventType "swiss"]
[EventRounds "6"]
[EventCountry "CAN"]

1. d4 Nf6 2. c4 g6 3. Nc3 Bg7 4. e4 d6 5. Be2 O-O 6. Nf3 e5 7. O-O Nc6 8. d5
Ne7 9. b4 Nh5 10. Re1 Nf4 11. Bf1 h6 12. a4 f5 13. Nd2 c6 14. Ba3 cxd5 15. cxd5
fxe4 16. Ndxe4 Bf5 17. Rc1 a6 18. b5 Nc8 19. Qb3 Rf7 20. Ng3 Bf8 21. Nce4 a5
22. Nd2 Nb6 23. Nge4 Nfxd5 24. Nc4 Bxe4 25. Rxe4 Kg7 26. Rd1 Qf6 27. f3 Rd8 28.
Ree1 Kh7 29. Rd2 Rfd7 30. Red1 Nxc4 31. Bxc4 Nb6 32. Bg8+ Kh8 33. Be6 Rc7 34.
Bh3 d5 35. Bxf8 Rxf8 36. Rc2 Rff7 37. Rdc1 Qd6 38. Qd3 Kg7 39. Qd2 Rxc2 40.
Rxc2 Nxa4 41. Qxa5 Qb6+ 42. Qxb6 Nxb6 43. Kf2 Kf6 44. g3 Re7 45. Bf1 Ke6 46.
Ke3 Kd6 47. Bd3 g5 48. Kd2 Rf7 49. Be2 Rf8 50. Ke3 Na4 51. Bf1 Nc5 52. Be2 Ra8
53. Rd2 Ra3+ 54. Kf2 e4 55. Rd1 e3+ 56. Kf1 Ke5 57. Rb1 b6 58. Rd1 d4 0-1

[Event "Abe Yanofsky mem"]
[Site "Winnipeg CAN"]
[Date "2006.09.02"]
[Round "2"]
[White "Knight, Eugene"]
[Black "Wasserman, Leor"]
[Result "1/2-1/2"]
[WhiteElo "1599"]
[BlackElo "1348"]
[PlyCount "35"]
[EventDate "2006.09.03"]
[EventType "swiss"]
[EventRounds "6"]
[EventCountry "CAN"]

1. d4 d5 2. Nf3 Nf6 3. h3 e6 4. Bf4 c5 5. e3 c4 6. Be2 Be7 7. O-O O-O 8. Nbd2
Nc6 9. c3 Bd7 10. Qc2 h6 11. Rfd1 Qb6 12. Bf1 Nh5 13. Bh2 f5 14. Ne5 Bc8 15. g4
Nf6 16. f4 Ne4 17. Ndxc4 dxc4 18. Nxc4 1/2-1/2

[Event "Abe Yanofsky mem"]
[Site "Winnipeg CAN"]
[Date "2006.09.02"]
[Round "2"]
[White "Lauritson, Jim"]
[Black "Klokow, John"]
[Result "1/2-1/2"]
[WhiteElo "1867"]
[BlackElo "1741"]
[PlyCount "112"]
[EventDate "2006.09.03"]
[EventType "swiss"]
[EventRounds "6"]
[EventCountry "CAN"]

1. d4 d5 2. c4 dxc4 3. Nf3 Nf6 4. Nc3 e6 5. e4 c5 6. Bxc4 cxd4 7. Nxd4 Be7 8.
Qa4+ Bd7 9. Qb3 Nc6 10. Nxc6 Bxc6 11. Bb5 Qc7 12. O-O O-O 13. Re1 Rfd8 14. Bg5
Ng4 15. h3 Qh2+ 16. Kf1 Bxg5 17. hxg4 Qh1+ 18. Ke2 Qxg2 19. Rad1 Qxg4+ 20. Kf1
Qh3+ 21. Ke2 Qg4+ 22. Kf1 Qh3+ 23. Ke2 Bxb5+ 24. Qxb5 Qg4+ 25. Kf1 Qh3+ 26. Ke2
Qg4+ 27. Kf1 Qh3+ 28. Ke2 Rxd1 29. Rxd1 Qg4+ 30. Kf1 Qh3+ 31. Ke2 Qg4+ 32. Kf1
Rb8 33. Rd7 h5 34. Rxb7 Rxb7 35. Qxb7 h4 36. Qxa7 h3 37. Qb8+ Kh7 38. Qg3 Qh5
39. Kg1 Qh6 40. Ne2 Kg8 41. f4 Be7 42. Kh2 Qh5 43. Nc3 Qa5 44. Kxh3 Bb4 45. a3
Be7 46. Kg4 Qb6 47. Qg2 Qb3 48. e5 Bxa3 49. bxa3 Qxc3 50. Qa8+ Kh7 51. Qe4+ Kg8
52. a4 Qa5 53. Qc4 Kf8 54. Qc6 Ke7 55. Qd6+ Ke8 56. Qc6+ Ke7 1/2-1/2

[Event "Abe Yanofsky mem"]
[Site "Winnipeg CAN"]
[Date "2006.09.02"]
[Round "2"]
[White "Lipnowski, Samuel"]
[Black "Boron, Anthony"]
[Result "1-0"]
[WhiteElo "2190"]
[BlackElo "1966"]
[PlyCount "115"]
[EventDate "2006.09.03"]
[EventType "swiss"]
[EventRounds "6"]
[EventCountry "CAN"]

1. e4 d5 2. exd5 Qxd5 3. Nc3 Qd8 4. d4 Nf6 5. Nf3 Bf5 6. Bd3 Bxd3 7. Qxd3 c6 8.
O-O e6 9. Re1 Be7 10. Bf4 Nbd7 11. Rad1 O-O 12. Ne4 Nxe4 13. Qxe4 Nf6 14. Qe2
Qa5 15. a3 Rad8 16. c4 Qf5 17. Bc1 Bd6 18. Ne5 h5 19. h3 Bxe5 20. dxe5 Nd7 21.
f4 Nb6 22. b3 Qb1 23. Bb2 Qf5 24. Qf3 Qc2 25. Bd4 Nc8 26. Bc5 Rfe8 27. a4 Qf5
28. Rxd8 Rxd8 29. Rd1 Rxd1+ 30. Qxd1 Nb6 31. a5 Nxc4 32. bxc4 Qxf4 33. Qd8+ Kh7
34. Qd3+ Kg8 35. Qd4 Qc1+ 36. Kh2 Qe1 37. Qd8+ Kh7 38. Qg5 Kg8 39. Be7 h4 40.
Qxh4 Qxe5+ 41. Qg3 Qf5 42. Qc7 e5 43. Bh4 Qf4+ 44. Bg3 Qxc4 45. Qxb7 a6 46.
Qc8+ Kh7 47. Qf5+ Kg8 48. Qxe5 f6 49. Qe8+ Kh7 50. Qh5+ Kg8 51. Qf5 Kf7 52. Bf2
Kf8 53. Qc5+ Qxc5 54. Bxc5+ Kf7 55. Kg3 Ke6 56. Kf4 g6 57. Ke4 g5 58. g4 1-0

[Event "Abe Yanofsky mem"]
[Site "Winnipeg CAN"]
[Date "2006.09.02"]
[Round "2"]
[White "Melamedoff, Gustavo"]
[Black "Kwiatek, Jordan"]
[Result "1-0"]
[WhiteElo "1975"]
[BlackElo "1811"]
[PlyCount "41"]
[EventDate "2006.09.03"]
[EventType "swiss"]
[EventRounds "6"]
[EventCountry "CAN"]

1. e4 g6 2. d4 Bg7 3. Nc3 c5 4. Nf3 cxd4 5. Nxd4 Nc6 6. Be3 Nf6 7. Nxc6 bxc6 8.
e5 Ng8 9. f4 Nh6 10. Bc4 O-O 11. O-O d6 12. Qe1 Ng4 13. Rd1 Nxe3 14. Qxe3 d5
15. Nxd5 Qa5 16. Nxe7+ Kh8 17. Nxc8 Raxc8 18. Rd7 Rcd8 19. Rxa7 Qb4 20. b3 Rd2
21. c3 1-0

[Event "Abe Yanofsky mem"]
[Site "Winnipeg CAN"]
[Date "2006.09.02"]
[Round "2"]
[White "Oberton, Daniel"]
[Black "Green, Jim"]
[Result "1/2-1/2"]
[WhiteElo "1816"]
[BlackElo "1683"]
[PlyCount "77"]
[EventDate "2006.09.03"]
[EventType "swiss"]
[EventRounds "6"]
[EventCountry "CAN"]

1. e4 c6 2. d4 d5 3. exd5 cxd5 4. c4 Nf6 5. Nc3 e6 6. Bf4 Bb4 7. Nf3 Ne4 8. Qc2
Qa5 9. Bd2 Nxd2 10. Qxd2 O-O 11. Bd3 dxc4 12. Bxc4 Rd8 13. O-O Nc6 14. a3 Be7
15. d5 exd5 16. Nxd5 Qxd2 17. Nxd2 Bf8 18. Rfd1 Bg4 19. f3 Bf5 20. Ba2 Bc2 21.
Re1 Nd4 22. Ne4 Nb3 23. Bxb3 Bxb3 24. Ndc3 f5 25. Ng5 Bc5+ 26. Kh1 Rd2 27. Re5
b6 28. Rxf5 Rxb2 29. Nce4 Bxa3 30. h3 Bb4 31. Rb5 Bc4 32. Rxb6 a5 33. Rxa5 Bxa5
34. Rxb2 h6 35. Nd6 Bc7 36. Nge4 Bd5 37. Rc2 Ra1+ 38. Kh2 Ra7 39. g3 1/2-1/2

[Event "Abe Yanofsky mem"]
[Site "Winnipeg CAN"]
[Date "2006.09.02"]
[Round "2"]
[White "Pottinger, Carl"]
[Black "Bince, Rolando"]
[Result "1/2-1/2"]
[WhiteElo "1721"]
[BlackElo "1894"]
[PlyCount "73"]
[EventDate "2006.09.03"]
[EventType "swiss"]
[EventRounds "6"]
[EventCountry "CAN"]

1. c4 g6 2. g3 Bg7 3. Bg2 c5 4. e4 Nc6 5. Ne2 Nf6 6. d3 d6 7. Nbc3 O-O 8. O-O
Ng4 9. h3 Nge5 10. f4 Nd7 11. Be3 Nd4 12. Qd2 f5 13. Bxd4 cxd4 14. Nb5 Qb6 15.
exf5 gxf5 16. a4 a5 17. Rfb1 Nb8 18. b4 axb4 19. Rxb4 Na6 20. Rbb1 Qc5 21. Qb2
e5 22. Qa3 Rd8 23. Qxc5 Nxc5 24. Nc7 Ra5 25. Ra3 Rd7 26. Bd5+ Kh8 27. Ne6 Bf6
28. Nxc5 Rxc5 29. Rab3 Rg7 30. Kg2 Rcc7 31. Rb6 exf4 32. Rxd6 Be7 33. Rdb6 Bc5
34. R6b5 fxg3 35. Nf4 Rce7 36. Bf3 Bd7 37. Rxb7 1/2-1/2

[Event "Abe Yanofsky mem"]
[Site "Winnipeg CAN"]
[Date "2006.09.02"]
[Round "2"]
[White "Repa, Jason"]
[Black "Silva, T Romeo"]
[Result "1-0"]
[WhiteElo "1960"]
[BlackElo "1772"]
[PlyCount "103"]
[EventDate "2006.09.03"]
[EventType "swiss"]
[EventRounds "6"]
[EventCountry "CAN"]

1. f4 e6 2. Nf3 d5 3. e3 Nf6 4. b3 Be7 5. Bb2 O-O 6. Bd3 c5 7. O-O a6 8. Ne5
Qc7 9. Ng4 Nbd7 10. Nc3 b5 11. Be2 Bb7 12. Qe1 Nxg4 13. Bxg4 Nf6 14. Bf3 d4 15.
Nd1 Rad8 16. Bxb7 Qxb7 17. d3 Rfe8 18. Qe2 g6 19. e4 Bf8 20. Bc1 Bg7 21. Nb2
Qc7 22. Bd2 h5 23. h3 Kh7 24. a4 Ng8 25. axb5 axb5 26. Ba5 Qc6 27. Bxd8 Rxd8
28. f5 exf5 29. exf5 Re8 30. fxg6+ fxg6 31. Qf3 Qd6 32. Ra7 Nh6 33. Nd1 Nf5 34.
Nf2 Ng3 35. Ne4 Rxe4 36. dxe4 Nxf1 37. Qf7 Qe5 38. Kxf1 Kh6 39. Re7 Qf6+ 40.
Qxf6 Bxf6 41. Rc7 c4 42. bxc4 Be5 43. Rc5 bxc4 44. Rxe5 Kg7 45. Rd5 d3 46. cxd3
cxd3 47. Rxd3 Kf6 48. Rd5 Ke6 49. Ke2 Kf6 50. h4 Ke6 51. Kf3 Kf6 52. Kf4 1-0

[Event "Abe Yanofsky mem"]
[Site "Winnipeg CAN"]
[Date "2006.09.02"]
[Round "2"]
[White "Rumpel, Chris"]
[Black "Khedkar, Jay"]
[Result "1/2-1/2"]
[WhiteElo "1657"]
[BlackElo "1822"]
[PlyCount "90"]
[EventDate "2006.09.03"]
[EventType "swiss"]
[EventRounds "6"]
[EventCountry "CAN"]

1. d4 Nf6 2. c4 g6 3. Nc3 Bg7 4. e4 d6 5. f3 O-O 6. Nge2 Nbd7 7. Be3 c6 8. Qd2
Qc7 9. Ng3 e5 10. d5 Ne8 11. Bd3 Nc5 12. Bc2 f5 13. exf5 gxf5 14. O-O-O Na6 15.
Bh6 Nb4 16. Bb1 cxd5 17. Bxg7 Nxg7 18. cxd5 b5 19. a3 a5 20. Qg5 Na2+ 21. Bxa2
b4 22. Nh5 bxc3 23. b3 Qf7 24. Qxg7+ Qxg7 25. Nxg7 Kxg7 26. Kc2 Bb7 27. Kxc3
Rfc8+ 28. Kb2 Rc5 29. Rc1 Rac8 30. b4 axb4 31. axb4 Rxc1 32. Rxc1 Rxc1 33. Kxc1
Ba6 34. Bb1 Kf6 35. Kd2 Bc4 36. g4 Bxd5 37. Bxf5 Bxf3 38. Ke3 Bc6 39. Bxh7 Kg5
40. Bf5 d5 41. h3 d4+ 42. Kd3 Bg2 43. b5 Bf1+ 44. Ke4 Bxb5 45. Kxe5 d3 1/2-1/2

[Event "Abe Yanofsky mem"]
[Site "Winnipeg CAN"]
[Date "2006.09.02"]
[Round "2"]
[White "Rutter, Blair"]
[Black "Curtis, Rory"]
[Result "1-0"]
[WhiteElo "1803"]
[BlackElo "1637"]
[PlyCount "87"]
[EventDate "2006.09.03"]
[EventType "swiss"]
[EventRounds "6"]
[EventCountry "CAN"]

1. c4 e5 2. g3 Nf6 3. Bg2 d5 4. cxd5 Nxd5 5. Nf3 Nc6 6. O-O Bd6 7. d3 O-O 8.
Qb3 Nce7 9. Ng5 c6 10. Nd2 h6 11. Nge4 Bc7 12. Nc4 b6 13. Bd2 Bb7 14. Rac1 Rc8
15. Rc2 Kh8 16. Qa3 a6 17. Ncd6 Bxd6 18. Nxd6 Rb8 19. Nxb7 Rxb7 20. Qxa6 Qa8
21. Qxa8 Rxa8 22. a3 c5 23. f4 exf4 24. Bxf4 Rd7 25. Bd2 Rf8 26. Bh3 Rdd8 27.
e4 Nc7 28. Bf4 Nb5 29. Rd2 Ng6 30. Be3 Nd4 31. Bxd4 Rxd4 32. Rf5 f6 33. Rd5 Rd8
34. Rxd8+ Rxd8 35. Be6 Rd4 36. Kf2 Ne5 37. Ke3 g5 38. h3 Kg7 39. b4 Kf8 40.
bxc5 bxc5 41. Bc4 Ke7 42. Bb5 Kd6 43. a4 Nc6 44. Rf2 1-0

[Event "Abe Yanofsky mem"]
[Site "Winnipeg CAN"]
[Date "2006.09.02"]
[Round "2"]
[White "Schulz, Waldemar"]
[Black "Baragar, Fletcher"]
[Result "0-1"]
[WhiteElo "2064"]
[BlackElo "2255"]
[PlyCount "123"]
[EventDate "2006.09.03"]
[EventType "swiss"]
[EventRounds "6"]
[EventCountry "CAN"]

1. d4 Nf6 2. c4 e6 3. g3 d5 4. Bg2 Be7 5. Nc3 O-O 6. Nf3 c6 7. O-O b6 8. Ne5
Bb7 9. b3 Nbd7 10. cxd5 cxd5 11. Nd3 Ne4 12. Bb2 Nxc3 13. Bxc3 Ba3 14. Bb4 Bxb4
15. Nxb4 Qe7 16. Qd2 Rfc8 17. Rac1 Nf6 18. f3 h6 19. Nd3 Ba6 20. Nb4 Bxe2 21.
Rfe1 Bb5 22. a4 Bd7 23. Bf1 a5 24. Nd3 Qa3 25. Qb2 Qxb2 26. Nxb2 Rxc1 27. Rxc1
Rc8 28. Rxc8+ Bxc8 29. Kf2 Kf8 30. Bb5 Bd7 31. Ba6 Ne8 32. Ke3 Nd6 33. Nd1 Ke7
34. Nc3 Nf5+ 35. Kd3 f6 36. f4 Be8 37. g4 Nd6 38. Ke3 Bf7 39. Be2 g5 40. Bf3
gxf4+ 41. Kxf4 Ne8 42. h4 Nc7 43. g5 hxg5+ 44. hxg5 Bg6 45. gxf6+ Kxf6 46. Bd1
Bd3 47. Ne2 Bxe2 48. Bxe2 Ne8 49. Ke3 Nd6 50. Kd3 Nf5 51. Bf3 Kg5 52. Be2 Ng3
53. Bf3 Kf4 54. Bd1 Nh1 55. Bh5 Nf2+ 56. Ke2 Ne4 57. Bf7 Ng5 58. Bg6 e5 59.
dxe5 Kxe5 60. Kd3 Ne6 61. Bf7 Nc5+ 62. Kc3 0-1

[Event "Abe Yanofsky mem"]
[Site "Winnipeg CAN"]
[Date "2006.09.02"]
[Round "2"]
[White "Towns, Barry"]
[Black "Remillard, John"]
[Result "0-1"]
[WhiteElo "1766"]
[BlackElo "1599"]
[PlyCount "64"]
[EventDate "2006.09.03"]
[EventType "swiss"]
[EventRounds "6"]
[EventCountry "CAN"]

1. b4 e5 2. Bb2 d6 3. e4 Be7 4. f4 Bf6 5. f5 b6 6. Nf3 Ba6 7. b5 Bb7 8. c4 Bxe4
9. Be2 Nd7 10. O-O Ne7 11. Nc3 Bxf5 12. d4 O-O 13. Nd5 Nxd5 14. cxd5 Bg6 15.
Rc1 e4 16. Nd2 Bg5 17. Rc3 f5 18. Bh5 Nf6 19. Bxg6 hxg6 20. Rg3 Nh5 21. Rc3 Qd7
22. Rc6 Rae8 23. Re1 Nf4 24. Qb3 Nd3 25. Re2 Bxd2 26. Rxd2 f4 27. Re2 Qg4 28.
Rcc2 f3 29. Re3 f2+ 30. Rxf2 Rxf2 31. Rg3 Qe2 32. Bc3 Qf1# 0-1

[Event "Abe Yanofsky mem"]
[Site "Winnipeg CAN"]
[Date "2006.09.02"]
[Round "2"]
[White "Vlaovic, George"]
[Black "Nikouline, Alexandre"]
[Result "1-0"]
[WhiteElo "2292"]
[BlackElo "2021"]
[PlyCount "51"]
[EventDate "2006.09.03"]
[EventType "swiss"]
[EventRounds "6"]
[EventCountry "CAN"]

1. e4 c5 2. Nf3 d6 3. d4 cxd4 4. Nxd4 Nf6 5. Nc3 a6 6. Bc4 e6 7. Bb3 Nbd7 8. f3
Nc5 9. Bg5 Be7 10. h4 h6 11. Be3 e5 12. Nde2 Nxb3 13. axb3 Be6 14. Nd5 Nxd5 15.
exd5 Bf5 16. h5 Bg5 17. Bxg5 Qxg5 18. g4 Bd7 19. Qd2 Qxd2+ 20. Kxd2 e4 21. fxe4
Bxg4 22. Nd4 g6 23. hxg6 fxg6 24. Rag1 Bh5 25. Ne6 Rh7 26. Rxh5 1-0

[Event "Abe Yanofsky mem"]
[Site "Winnipeg CAN"]
[Date "2006.09.02"]
[Round "2"]
[White "Wiebe, Daniel"]
[Black "Nguyen, Huy"]
[Result "1/2-1/2"]
[WhiteElo "1392"]
[BlackElo "1759"]
[PlyCount "137"]
[EventDate "2006.09.03"]
[EventType "swiss"]
[EventRounds "6"]
[EventCountry "CAN"]

1. e4 Nc6 2. Nf3 d6 3. d4 g6 4. Be3 Bg7 5. Bb5 a6 6. Ba4 b5 7. Bb3 Na5 8. Bd5
c6 9. Bb3 Nh6 10. h3 Nxb3 11. axb3 O-O 12. Qd2 Nf5 13. exf5 Bxf5 14. Bh6 Qb6
15. Bxg7 Kxg7 16. O-O d5 17. Re1 Rfe8 18. c3 Ra7 19. b4 h6 20. Qf4 Bc8 21. Nbd2
a5 22. bxa5 Rxa5 23. Rxa5 Qxa5 24. Ne5 Rf8 25. Nxc6 Qa2 26. Qe5+ Kg8 27. Nxe7+
Kh7 28. Nxd5 h5 29. Qe7 Kg7 30. Nc7 Qxb2 31. Ne8+ Rxe8 32. Qxe8 Qxd2 33. Re7
Qc1+ 34. Kh2 Qf4+ 35. Kg1 Qc1+ 36. Re1 Qxc3 37. Qe5+ Kg8 38. d5 Qc4 39. d6 Bd7
40. Qe7 Qc6 41. Ra1 b4 42. Qd8+ Kg7 43. Qc7 b3 44. Qxc6 Bxc6 45. Rb1 Ba4 46.
Rb2 Kf6 47. Rd2 Ke6 48. Kf1 h4 49. Ke2 Bb5+ 50. Kf3 g5 51. Kg4 f6 52. f4 f5+
53. Kxg5 Bc6 54. Kxh4 Kd7 55. Kg5 Be4 56. h4 Bc2 57. h5 b2 58. Rxc2 b1=Q 59.
Re2 Qf1 60. Re5 Qxg2+ 61. Kxf5 Qh3+ 62. Kf6 Kxd6 63. Rf5 Qh4+ 64. Kg6 Qg4+ 65.
Kf6 Qg8 66. h6 Qh7 67. Kg5 Qg8+ 68. Kf6 Qf8+ 69. Kg6 1/2-1/2

[Event "Abe Yanofsky mem"]
[Site "Winnipeg CAN"]
[Date "2006.09.02"]
[Round "2"]
[White "Wood, Nathan"]
[Black "Poustie, Harold"]
[Result "1-0"]
[WhiteElo "1579"]
[BlackElo "1430"]
[PlyCount "31"]
[EventDate "2006.09.03"]
[EventType "swiss"]
[EventRounds "6"]
[EventCountry "CAN"]

1. e4 e5 2. Nf3 Nc6 3. Bb5 Nf6 4. O-O Bc5 5. c3 O-O 6. d4 exd4 7. cxd4 Be7 8.
d5 a6 9. Be2 Na7 10. e5 Ne8 11. Nd4 d6 12. e6 f6 13. Bh5 c6 14. Bf7+ Kh8 15.
Qh5 g6 16. Bxg6 1-0

[Event "Abe Yanofsky mem"]
[Site "Winnipeg CAN"]
[Date "2006.09.02"]
[Round "2"]
[White "Zaczek, Jonathan"]
[Black "Araullo, Manuel"]
[Result "1-0"]
[WhiteElo "2077"]
[BlackElo "1777"]
[PlyCount "53"]
[EventDate "2006.09.03"]
[EventType "swiss"]
[EventRounds "6"]
[EventCountry "CAN"]

1. e4 c5 2. Nf3 d6 3. d4 cxd4 4. Nxd4 Nf6 5. Nc3 a6 6. Bc4 Qc7 7. Bb3 e6 8. g4
h6 9. Be3 Nc6 10. Rg1 d5 11. exd5 Qxh2 12. Nf3 Qh3 13. dxc6 bxc6 14. Ne5 Bb7
15. Qf3 Qxf3 16. Nxf3 Bb4 17. Bd2 O-O 18. O-O-O Rac8 19. g5 hxg5 20. Bxg5 Ne8
21. Ne5 Nc7 22. Bh6 g6 23. Ne4 Nd5 24. Bxd5 cxd5 25. Nf6+ Kh8 26. Rh1 d4 27.
Bxf8+ 1-0

[Event "Abe Yanofsky mem"]
[Site "Winnipeg CAN"]
[Date "2006.09.02"]
[Round "2"]
[White "Zhou, Lu"]
[Black "Vincent, Trevor"]
[Result "0-1"]
[WhiteElo "1786"]
[BlackElo "2070"]
[PlyCount "84"]
[EventDate "2006.09.03"]
[EventType "swiss"]
[EventRounds "6"]
[EventCountry "CAN"]

1. e4 c5 2. g3 Nc6 3. Bg2 g6 4. Ne2 Bg7 5. c3 e5 6. O-O Nge7 7. d3 O-O 8. f4 d6
9. Be3 Rb8 10. fxe5 Nxe5 11. a4 b6 12. Na3 Ba6 13. Nf4 Qd7 14. Bh3 Qc6 15. c4
Bc8 16. Bxc8 Qxc8 17. Nb5 Qd7 18. Nc3 N7c6 19. Qe2 Ng4 20. Nfd5 Nxe3 21. Qxe3
f5 22. Qg5 Nd4 23. Rae1 Rbe8 24. Kg2 Re5 25. Qh4 h6 26. exf5 Nxf5 27. Qf4 Ne3+
28. Nxe3 Rxf4 29. Rxf4 Re7 30. Ncd5 Re6 31. Ref1 Qc8 32. R1f2 Qd7 33. b3 h5 34.
R2f3 Be5 35. Nf6+ Bxf6 36. Rxf6 Rxf6 37. Rxf6 Qe8 38. Nd5 Qe2+ 39. Kh3 Kh7 40.
Rxd6 Qf1+ 41. Kh4 Qf5 42. Rd7+ Kh6 0-1

[Event "Abe Yanofsky mem"]
[Site "Winnipeg CAN"]
[Date "2006.09.02"]
[Round "3"]
[White "Araullo, Manuel"]
[Black "Schulz, Waldemar"]
[Result "0-1"]
[WhiteElo "1777"]
[BlackElo "2064"]
[PlyCount "159"]
[EventDate "2006.09.03"]
[EventType "swiss"]
[EventRounds "6"]
[EventCountry "CAN"]

1. d4 Nf6 2. Nf3 g6 3. Bg5 Ne4 4. Bf4 Bg7 5. e3 d5 6. Bd3 c5 7. Be5 Nf6 8. c3
Nbd7 9. Nbd2 Nxe5 10. Nxe5 Qb6 11. Qc1 O-O 12. O-O Ng4 13. Nef3 Nh6 14. Re1 Rd8
15. dxc5 Qxc5 16. Nb3 Qc7 17. Nbd2 Ng4 18. Nf1 Nf6 19. Qd1 e5 20. Be2 Bd7 21.
Rc1 Bc6 22. Qb3 Qe7 23. Ng3 Rd7 24. Rcd1 Rad8 25. Bf1 Ne4 26. Nd2 Nc5 27. Qc2
Ne6 28. Nf3 Qc5 29. Qc1 Bb5 30. Ne2 Qc7 31. g3 Nc5 32. Qb1 Nd3 33. Bh3 Nxe1 34.
Rxe1 Re7 35. Nc1 Bd7 36. Bf1 Bf5 37. Qa1 Red7 38. Nb3 Rd6 39. Rc1 a6 40. Ne1
Be6 41. Nf3 Rc6 42. Rd1 Bg4 43. Be2 b5 44. a3 Rcd6 45. Rc1 h6 46. Qb1 Bf5 47.
Qa1 Qb6 48. Rd1 Bc2 49. Nbd2 Bxd1 50. Qxd1 d4 51. exd4 exd4 52. Ne4 Re6 53. Qc2
dxc3 54. Nxc3 Qc5 55. Bf1 Rc6 56. Qc1 Kh7 57. Qf4 Qe7 58. Kg2 Bxc3 59. bxc3
Rxc3 60. Ne5 Rc7 61. h4 Re8 62. Nf3 Rc3 63. h5 Rxf3 64. Qxf3 Qe4 65. Bd3 Qxf3+
66. Kxf3 Kg7 67. a4 bxa4 68. Bxa6 a3 69. Bc4 Rb8 70. Ke3 Rb2 71. f4 a2 72. Bxa2
Rxa2 73. hxg6 fxg6 74. Kf3 Kf6 75. Kg4 Ra4 76. Kf3 h5 77. Kg2 Kf5 78. Kh3 g5
79. Kg2 Kg4 80. Kh2 0-1

[Event "Abe Yanofsky mem"]
[Site "Winnipeg CAN"]
[Date "2006.09.02"]
[Round "3"]
[White "Baragar, Fletcher"]
[Black "Greenberg, Harley"]
[Result "1-0"]
[WhiteElo "2255"]
[BlackElo "1751"]
[PlyCount "95"]
[EventDate "2006.09.03"]
[EventType "swiss"]
[EventRounds "6"]
[EventCountry "CAN"]

1. d4 Nf6 2. c4 g6 3. Nc3 Bg7 4. e4 d6 5. Be2 O-O 6. Bg5 a6 7. Qd2 Nbd7 8. Nf3
c6 9. Rd1 b5 10. a3 Bb7 11. e5 Ne8 12. O-O f6 13. Bf4 bxc4 14. Bxc4+ d5 15.
exf6 Nexf6 16. Be2 Nh5 17. Bh6 Ndf6 18. Bxg7 Kxg7 19. Ng5 Bc8 20. f4 Qd6 21. g3
Bf5 22. Bxh5 Nxh5 23. Rde1 h6 24. Nf3 Nf6 25. Ne5 Ne4 26. Nxe4 Bxe4 27. Rc1
Rac8 28. Rc5 g5 29. fxg5 Qe6 30. gxh6+ Kh7 31. Rcc1 Rf6 32. Rxf6 exf6 33. Nd3
Rb8 34. Nc5 Qf5 35. Rf1 Qg5 36. Rf4 Rg8 37. Nxa6 Qxh6 38. Qf2 Qh5 39. Qf1 Rxg3+
40. hxg3 Qh1+ 41. Kf2 Qh2+ 42. Ke1 Qxg3+ 43. Qf2 Qd3 44. Qh4+ Kg8 45. Rg4+ Kf7
46. Qh5+ Ke7 47. Rg7+ Kd6 48. Qh2+ 1-0

[Event "Abe Yanofsky mem"]
[Site "Winnipeg CAN"]
[Date "2006.09.02"]
[Round "3"]
[White "Bince, Rolando"]
[Black "Knight, Eugene"]
[Result "1-0"]
[WhiteElo "1894"]
[BlackElo "1599"]
[PlyCount "66"]
[EventDate "2006.09.03"]
[EventType "swiss"]
[EventRounds "6"]
[EventCountry "CAN"]

1. e4 c5 2. Nf3 e6 3. d4 cxd4 4. Nxd4 a6 5. Bd3 Nc6 6. Be3 Qc7 7. O-O Nf6 8.
Nc3 Bb4 9. a3 Bxc3 10. bxc3 Ne5 11. Bf4 d6 12. Bxe5 dxe5 13. Ne2 b5 14. Qd2 Bb7
15. Qe3 O-O 16. h3 Rac8 17. a4 Qc6 18. axb5 axb5 19. f3 Qc5 20. Qxc5 Rxc5 21.
Ra5 Bc6 22. Rb1 Rb8 23. c4 Nd7 24. cxb5 Kf8 25. Rb3 Nb6 26. Nc3 Nc4 27. Bxc4
Rxc4 28. b6 Be8 29. Ra7 Rc6 30. b7 Rc7 31. Kf2 Bc6 32. Ra8 Bxb7 33. Rxb8+ Bc8
1-0